Online katalóg knižníc regiónu Turca

Old Surehand. (Record no. 22591)

MARC details
000 -LEADER
fixed length control field 00642nam a22002411 4500
001 - CONTROL NUMBER
control field 22591
003 - CONTROL NUMBER IDENTIFIER
control field CZ PrNK
005 - DATE AND TIME OF LATEST TRANSACTION
control field 20260401143612.0
008 - FIXED-LENGTH DATA ELEMENTS--GENERAL INFORMATION
fixed length control field 030104s1968 xo slo
040 ## - CATALOGING SOURCE
Original cataloging agency ABA001
Language of cataloging cze
Transcribing agency ABA001
Modifying agency ABA001
041 1# - LANGUAGE CODE
Language code of text/sound track or separate title slo
Language code of original ger
100 1# - MAIN ENTRY--PERSONAL NAME
Personal name May, Karl,
Dates associated with a name 1842-1912
Relationship aut
245 10 - TITLE STATEMENT
Title Old Surehand.
Number of part/section of a work 2. diel /
Statement of responsibility, etc. Karl May ; Z nem. orig. prel. Terézia Černá
250 ## - EDITION STATEMENT
Edition statement 1. vyd.
260 ## - PUBLICATION, DISTRIBUTION, ETC.
Place of publication, distribution, etc. Bratislava :
Name of publisher, distributor, etc. Mladé letá,
Date of publication, distribution, etc. 1968
300 ## - PHYSICAL DESCRIPTION
Extent 378 s. ;
Dimensions
490 1# - SERIES STATEMENT
Series statement Stopy
500 ## - GENERAL NOTE
General note Pre čitateľov od 11 rokov
500 ## - GENERAL NOTE
General note S il.
830 #0 - SERIES ADDED ENTRY--UNIFORM TITLE
Uniform title Stopy
910 ## - USER-OPTION DATA (OCLC)
User-option data ABA001
942 ## - ADDED ENTRY ELEMENTS (KOHA)
Source of classification or shelving scheme Dewey Decimal Classification
Koha item type Krásna literatúra pre dospelých
Suppress in OPAC No

No items available.

Projekt je podporený Slovenskou asociáciou knižníc
Prevádzkuje Turčianska knižnica Martin 2026